000 00510nam a2200157 4500
999 _c508055
_d508055
008 190306b ||||| |||| 00| 0 eng d
100 _aMishra, Alok Kumar
_93070
245 _aUrban infrastructure financing in India:
_bapplying the benefit and earmarking principles of taxation
260 _c2018
300 _ap.110-128.
650 _aTaxation
_93071
700 _aMohanty, Prasanna Kumar
_93072
773 _aJournal of Social and Economic Development
906 _aUrban development
942 _2ddc
_cAR